The little prince / (Record no. 368470)
[ view plain ]
| 000 -LEADER | |
|---|---|
| fixed length control field | 01104nam a22002537a 4500 |
| 003 - CONTROL NUMBER IDENTIFIER | |
| control field | 0 |
| 005 - DATE AND TIME OF LATEST TRANSACTION | |
| control field | 20251105145334.0 |
| 008 - FIXED-LENGTH DATA ELEMENTS--GENERAL INFORMATION | |
| fixed length control field | 251105b xxu||||| |||| 00| 0 eng d |
| 020 ## - INTERNATIONAL STANDARD BOOK NUMBER | |
| International Standard Book Number | 978-0-544-65649-9 |
| 050 ## - LIBRARY OF CONGRESS CALL NUMBER | |
| Classification number | PQ 2637.A274 |
| Item number | .Sa132 2015 |
| 100 ## - MAIN ENTRY--PERSONAL NAME | |
| Personal name | Saint-Exupéry, Antoine de, |
| Dates associated with a name | 1900–1944, |
| Relator term | author, |
| -- | illustrator. |
| 245 ## - TITLE STATEMENT | |
| Title | The little prince / |
| Statement of responsibility, etc | Antoine de Saint-Exupéry ; illustrated by the author ; translated from the French by Richard Howard. |
| 250 ## - EDITION STATEMENT | |
| Edition statement | Deluxe pop-up book edition. |
| 260 ## - PUBLICATION, DISTRIBUTION, ETC. (IMPRINT) | |
| Place of publication, distribution, etc | Boston : |
| Name of publisher, distributor, etc | Houghton Mifflin Harcourt, |
| Date of publication, distribution, etc | 2015. |
| 300 ## - PHYSICAL DESCRIPTION | |
| Extent | 61 pages : |
| Other physical details | color illustrations ; |
| Dimensions | 26 cm. |
| 500 ## - GENERAL NOTE | |
| General note | Unabridged text; originally published in French as *Le Petit Prince* in 1943.<br/>Pop-up illustrations with foldouts. |
| 520 ## - SUMMARY, ETC. | |
| Summary, etc | A pilot stranded in the desert meets a young prince from another planet who tells of his adventures and his search for the meaning of life. |
| 546 ## - LANGUAGE NOTE | |
| Language note | Translated from the French. |
| 650 ## - SUBJECT ADDED ENTRY--TOPICAL TERM | |
| Topical term or geographic name as entry element | Allegories. |
| 650 ## - SUBJECT ADDED ENTRY--TOPICAL TERM | |
| Topical term or geographic name as entry element | Princes |
| Form subdivision | Fiction. |
| 650 ## - SUBJECT ADDED ENTRY--TOPICAL TERM | |
| Topical term or geographic name as entry element | Air Pilots |
| Form subdivision | Fiction. |
| 650 ## - SUBJECT ADDED ENTRY--TOPICAL TERM | |
| Topical term or geographic name as entry element | Friendship |
| Form subdivision | Fiction. |
| 942 ## - ADDED ENTRY ELEMENTS (KOHA) | |
| Source of classification or shelving scheme | Library of Congress Classification |
| Koha item type | Books |
| Withdrawn status | Lost status | Source of classification or shelving scheme | Damaged status | Home library | Current library | Shelving location | Date acquired | Source of acquisition | Sub Shelving location | Total Checkouts | Full call number | Barcode | Date last seen | Price effective from | Koha item type |
|---|---|---|---|---|---|---|---|---|---|---|---|---|---|---|---|
| Library of Congress Classification | Luxembourg Library | Luxembourg Library | Fiction Section | 11/19/2024 | Library Fund | PQ 2637.A274 .Sa132 2015 | 21450 | 11/05/2025 | 11/05/2025 | Books |